000 00228nam a2200109Ia 4500
100 _aBarapte/R .A.
942 _cBK
245 _aElectronic Instruments.
260 _bTechnova
_aPune
082 _a621.374/BAR
546 _aENGLISH
999 _c22114
_d22114